UBT Library

Anatomy, descriptive and surgical / (Record no. 41600)

000 -LEADER
fixed length control field 00728cam a2200241 a 4500
001 - CONTROL NUMBER
control field 533079
005 - DATE AND TIME OF LATEST TRANSACTION
control field 20180202043308.0
008 - FIXED-LENGTH DATA ELEMENTS--GENERAL INFORMATION
fixed length control field 870701r19871901nyua 001 0 eng c
010 ## - LIBRARY OF CONGRESS CONTROL NUMBER
LC control number 87018378
020 ## - INTERNATIONAL STANDARD BOOK NUMBER
International Standard Book Number 0517652935 (deluxe ed.) :
Terms of availability $12.98
020 ## - INTERNATIONAL STANDARD BOOK NUMBER
International Standard Book Number 0517223651 (jacketed ed.)
040 ## - CATALOGING SOURCE
Original cataloging agency DNLM/DLC
Transcribing agency DLC
Modifying agency DLC
041 ## - LANGUAGE CODE
Language code of text/sound track or separate title eng
060 ## - NATIONAL LIBRARY OF MEDICINE CALL NUMBER
Classification number QS 4 G779a 1901a
080 ## - UNIVERSAL DECIMAL CLASSIFICATION NUMBER
Universal Decimal Classification number 611 GRA
082 00 - DEWEY DECIMAL CLASSIFICATION NUMBER
Classification number 611 GRA
Edition number 19
100 1# - Rafti
Rafti 6
101 ## - Shkurtesa
Shkurtesa ANA
245 10 - TITLE STATEMENT
Title Anatomy, descriptive and surgical /
Statement of responsibility, etc by Henry Gray ; edited by T. Pickering Pick and Robert Howden ; with a new introduction by John A. Crocco.
740 0# - ADDED ENTRY--UNCONTROLLED RELATED/ANALYTICAL TITLE
Uncontrolled related/analytical title Gray's anatomy.
906 ## - LOCAL DATA ELEMENT F, LDF (RLIN)
a 7
b cbc
c orignew
d 1
e ocip
f 19
g y-gencatlg
942 ## - ADDED ENTRY ELEMENTS (KOHA)
Source of classification or shelving scheme
Item type Books
Holdings
Withdrawn status Lost status Source of classification or shelving scheme Damaged status Not for loan Collection code Permanent location Current location Shelving location Date acquired Total Checkouts Full call number Barcode Date last seen Price effective from Koha item type
          Koleksioni i përgjithshem UBT - Lipjan UBT - Lipjan Koleksioni i përgjithshem 02/02/2018   611 GRA 002-2997498 02/02/2018 02/02/2018 Books
UBT Library © 2015-2024. All rights reserved University Education for Business and Technology